Thom Brennaman Apology - Statistics

General Stats
  • This quiz has been taken 270 times
  • The average score is 133 of 198
Answer Stats
Answer % Correct
I
100%
a
99%
deep
93%
of.
92%
of
92%
my
90%
as
89%
be
88%
so
88%
the
88%
to
88%
that
87%
That
87%
am
85%
am.
85%
Castellanos,
85%
drive
83%
left
83%
man
83%
sorry.
83%
sorry
83%
sorry,
83%
and
82%
And
82%
faith-
82%
it
82%
It
82%
myself
81%
run,
81%
will
81%
home
80%
field
79%
there,
79%
by
74%
If
74%
if
74%
don't
73%
Fox.
73%
Fox
73%
not
73%
know
72%
on
72%
pride
72%
four
70%
who
70%
deeply
68%
into
68%
make
68%
ballgame-
67%
for
66%
For
66%
headset
66%
think
66%
nothing
65%
this
65%
air
64%
apologize
64%
earlier
64%
Reds.
64%
Reds,
64%
ashamed
62%
comment
62%
made
62%
is
60%
again.
59%
people
58%
very,
58%
very
58%
want
57%
at
54%
out
53%
Sports
53%
have
52%
over
52%
putting
51%
tonight
51%
tonight:
51%
hurt
50%
I'm
50%
offended
50%
paycheck.
50%
anyone
49%
went
49%
going
47%
sign
46%
bosses
45%
guess
45%
that'll
45%
you
45%
it's
42%
Ohio,
42%
it'll
39%
say,
37%
here
36%
like
36%
heart,
35%
bottom
34%
from
33%
how
32%
can't
31%
tell
28%
with,
28%
back
27%
some
27%
work
24%
here's
23%
much
23%
beg
21%
has
21%
up.
21%
your
21%
forgiveness.
20%
I'd
19%
anybody
17%
been.
17%
I've
17%
begin
15%
could
15%
never
15%
maybe
10%
No matching quizzes found
Score Distribution
Percent of People with Each Score
Percentile by Number Answered
Your Score History
You have not taken this quiz